000 00294nam a22001337a 4500
008 171003b xxu||||| |||| 00| 0 eng d
020 _a0139144323
041 _aeng
080 _25TH
_a159.9
100 _a48
101 _aPSI
245 _aTHEORIES OF LEARNING
_cBOWER,G.H
942 _2udc
_cBK
999 _c31488
_d31488